| 000 | 00453nam a22001337a 4500 | ||
|---|---|---|---|
| 003 | SGT | ||
| 082 |
_a617.632 _bT14S |
||
| 100 | _aSAKSENA, NEHA | ||
| 245 | _aTO DETERMINE AND COMPARE THE LABIAL GINGIVAL THICKNESS (BIOTYPE) IN TWO MAJOR RACIO-ETHNIC GROUPS OF INDIAN POPULATION USING ULTRASONOGRAPHIC METHOD - A CLINICAL STUDY | ||
| 260 |
_aDELHI NCR _bSGT UNIVERSITY GURUGRAM _c2014 |
||
| 300 | _a1-95 | ||
| 650 | _aPERIODONTOLOGY | ||
| 942 |
_2ddc _cTH |
||
| 999 |
_c15954 _d15954 |
||